Nové Trenčianske Teplice závodný časopis Skupiny ROH pri Štátnych kúpeľoch Trenčianske Teplice

Bibliographic Details
Corporate Authors: Štátne kúpele (Trenčianske Teplice) (Publisher), Liečebný ústav ROH Trenčianske Teplice (Publisher)
Other Authors: Drubin, Pavol (Publishing director)
Format: Journal
Language:Slovak
PhysicalDescription:2 roč. 30 x 22 cm
Published: Trenčianske Teplice ZS ROH pri Štátnych kúpeľoch Trenčianske Teplice 1952-3/II 1953
Trenčianske Teplice ZO KSS, ZS ROH, ZS ČSM a vedenie Liečebného ústavu ROH Trenčianske Teplice
Subjects:

MARC

LEADER 00000nas a22000001a 4500
001 vtls010301779
003 SK-MaSNL
005 20260228161620.0
008 110810d19521953xo mr p r 0 b0slo
015 |a SNBDS17XX9999 
015 |a 0924  |2 Balúnová 1945-60 
038 |a SNKBUDS 
040 |a SNK  |b slo  |c SNK  |e AACR2 
041 0 |a slo 
044 |a xo  |c SK 
080 |a 615.838  |2 2001 
245 0 0 |a Nové Trenčianske Teplice  |b závodný časopis Skupiny ROH pri Štátnych kúpeľoch Trenčianske Teplice 
260 |a Trenčianske Teplice  |b ZS ROH pri Štátnych kúpeľoch Trenčianske Teplice  |c 1952-3/II 1953 
260 3 |3 4/II 1953-6/II 1953  |a Trenčianske Teplice  |b ZO KSS, ZS ROH, ZS ČSM a vedenie Liečebného ústavu ROH Trenčianske Teplice 
300 |a 2 roč.  |c 30 x 22 cm 
310 |a 1x mesačne 
362 0 |a Roč. I, č. 1 (29.2.1952)-roč. II, č. 6 (30.6.1953) 
500 |a V tiráži: od 4/II (31. mája 1953) Závodný časopis zamestnancov Liečebného ústavu ROH Trenčianske Teplice 
500 |a Vych. v Trenčianskych Tepliciach mesačne 
500 |a Zodp. red. Pavol Drubin s red. krúžkom 
500 |a Vyd. (ZS ROH pri Štátnych kúpeľoch Trenčianske Teplice), od 4/II (31. mája 1953) ZO KSS, ZS ROH, ZS ČSM a vedenie podniku 
500 |a Tlač. rozmnož. cyklostylom 
500 |a Vych. od 29. febr. 1952. Pov. PIO č. 2576/52-IV/2 z 19. febr. 1952. Posl. známe číslo 6/II z 30. júna 1953 
505 8 0 |g Roč. I. 1952 12 č. po 12-18 s. 
505 8 0 |g Roč. II. 1953 6 č. po 10-16 s. 
650 0 7 |a kúpele  |2 SNKPH  |9 1139 
650 0 7 |a kúpeľníctvo  |2 SNKPH  |9 1140 
655 7 |a podnikové časopisy  |2 SNKBUDS  |9 265225 
700 1 |a Drubin, Pavol  |4 pbd  |9 269061 
710 2 |a Štátne kúpele (Trenčianske Teplice)  |e vydav.  |9 269062 
710 2 |a Liečebný ústav ROH Trenčianske Teplice  |e vydav.  |9 269063 
852 |a SNK  |b 10000  |h ČSB 3150 
852 |a UKB  |b 300000  |h SB 1083 
852 |a UKB  |b 300000  |h XX B 604 
999 |c 5809  |d 7739